000 00385nam a2200145Ia 4500
008 230711s9999||||xx |||||||||||||| ||und||
041 _aENG
082 _a621
_bVI-E
100 _aVishwanathan,B
245 0 _aElectronics for scientists and engineering
250 _a1st Ed.
260 _c1990
_aNew Delhi
_bPHI Learning Private Limited
650 _aElectronics Engineering
942 _cBK
999 _c121
_d121